Stirpe Di Uomini

Сохранить в:
Библиографические подробности
Главный автор: Wilburn Smith
Формат:
Язык:неизвестный язык
Опубликовано: Edizione Cde
Метки: Добавить метку
Нет меток, Требуется 1-ая метка записи!

MARC

LEADER 00000nam a2200000Ia 4500
001 R-1079
003 CODICE-MESSINA
005 20260212102501.0
008 260211s9999 xx 000 0 und d
040 |c importazione_messina 
100 |a Wilburn Smith 
245 0 |a Stirpe Di Uomini 
260 |b Edizione Cde 
942 |2 ddc  |c BK 
952 |0 0  |1 0  |2 ddc  |4 0  |6 SCAFFALE_10_000000000000000__ROMANZI  |7 0  |9 31909  |a ME  |b ME  |d 2026-02-11  |l 0  |o SCAFFALE 10 - ROMANZI  |p R-1079  |r 2026-02-11 23:52:51  |w 2026-02-11  |x [REVISIONARE]  |y BK 
999 |c 27574  |d 27574